00201nam a2200073Ia 4500008004100000082001300041100001800054245005500072240331s9999 xx 000 0 und d a300bQUA aBauer,M.W. ed 0aQualtitative researching with text image and sound